|
|
|
|
| LEADER |
00822nab a2200217 i 4500 |
| 001 |
misc28015 |
| 005 |
20191111110247.0 |
| 008 |
170929s1990 hu o 0|| zxx d |
| 040 |
|
|
|a SZTE Miscellanea Repozitórium
|b hun
|
| 041 |
|
|
|a zxx
|
| 100 |
1 |
|
|a Sohár Pál
|
| 245 |
1 |
0 |
|a Structure of a norbornane-fused pentacyclic isoxazoline
|h [elektronikus dokumentum] /
|c Sohár Pál
|
| 260 |
|
|
|c 1990
|
| 300 |
|
|
|a 1023-1026
|
| 490 |
0 |
|
|a Kolligátum
|
| 695 |
|
|
|a Heterociklusos vegyületek - szintézis, Szerves kémia - reakciómechanizmus, Sztereokémia, Mágneses magrezonancia - színképelemzés
|
| 700 |
0 |
1 |
|a Kövesdi István
|e aut
|
| 700 |
0 |
2 |
|a Frimpong-Manso Samuel
|e aut
|
| 700 |
0 |
2 |
|a Stájer Géza
|e aut
|
| 700 |
0 |
2 |
|a Bernáth Gábor
|e aut
|
| 856 |
4 |
0 |
|u http://misc.bibl.u-szeged.hu/28015/1/018_019_509-512.pdf
|z Dokumentum-elérés
|